000 01240nam a2200325 a 4500
001 ebr10671189
003 CaPaEBR
006 m u
007 cr cn|||||||||
008 000922s2001 nyu sb 001 0 eng d
010 _z 00048982
020 _z1560728795
020 _z9781560728795
020 _z9781614701811 (e-book)
040 _aCaPaEBR
_cCaPaEBR
035 _a(OCoLC)756501442
043 _afb-----
050 1 4 _aHC800
_b.O77 2001eb
082 0 4 _a338.91/0967
_221
100 1 _aOrjiako, Humphrey.
245 1 0 _aKilling sub-Saharan Africa with aid
_h[electronic resource] /
_cHumphrey Orjiako.
260 _aHuntington, N.Y. :
_bNova Science Publishers,
_cc2001.
300 _axxi, 102 p.
504 _aIncludes bibliographical references (p. [95]-98) and index.
533 _aElectronic reproduction.
_bPalo Alto, Calif. :
_cebrary,
_d2013.
_nAvailable via World Wide Web.
_nAccess may be limited to ebrary affiliated libraries.
650 0 _aEconomic assistance
_zAfrica, Sub-Saharan
_xEvaluation.
655 7 _aElectronic books.
_2local
710 2 _aebrary, Inc.
856 4 0 _uhttp://site.ebrary.com/lib/rucke/Doc?id=10671189
_zAn electronic book accessible through the World Wide Web; click to view
999 _c162326
_d162326